[Event "Veneto-ch qf 62nd"]
[Site "Arqua Petrarca"]
[Date "2002.05.05"]
[Round "3.33"]
[White "Chinello, Silvio"]
[Black "Menin, Massimo"]
[Result "1/2-1/2"]
[WhiteElo "1300"]
[BlackElo "1300"]
[PlyCount "103"]
[EventDate "2002.05.04"]
[EventType "swiss"]
[EventRounds "6"]
[EventCountry "ITA"]
[SourceTitle "EXT 2024"]
[Source "ChessBase"]
[SourceDate "2023.10.10"]
[SourceVersion "1"]
[SourceVersionDate "2023.10.10"]
[SourceQuality "1"]

1. e4 c5 2. Nf3 d6 3. c3 Nf6 4. d4 cxd4 5. Nxd4 Nxe4 6. Qa4+ Bd7 7. Bb5 Nc5 8. Bxd7+ Nbxd7 9. Qd1 Ne5 10. 0-0 e6 11. Nd2 Be7 12. N2f3 Ned3 13. b4 Nxc1 14. bxc5 dxc5 15. Nxe6 fxe6 16. Rxc1 0-0 17. Re1 Qxd1 18. Rcxd1 Bf6 19. c4 Rad8 20. g3 Rxd1 21. Rxd1 Rd8 22. Rxd8+ Bxd8 23. Ne5 g6 24. Nd3 b6 25. Ne5 a6 26. a4 Bc7 27. Nd3 Bd6 28. f4 Kg7 29. Kf2 Kf6 30. Kf3 g5 31. fxg5+ Kxg5 32. Nf2 Kf5 33. Nd3 h5 34. Nf2 e5 35. h3 Bc7 36. g4+ hxg4+ 37. hxg4+ Kg6 38. Ke4 Kg5 39. Kd5 Kf4 40. Nd3+ Kxg4 41. Nxe5+ Bxe5 42. Kxe5 Kf3 43. Kd5 Ke3 44. Kc6 Kd3 45. Kxb6 Kxc4 46. Kxa6 Kb4 47. a5 c4 48. Kb6 c3 49. a6 c2 50. a7 c1Q 51. a8Q Qc5+ 52. Kb7 1/2-1/2